000
00244nam a2200097Ia 4500
008
200302s9999 xx 000 0 und d
100
_a
Author
245
_a
Fevicol Furniture Book Bedrooms Vol 2
260
_b
Pidilite Industries Ltd.,
260
_c
1996
999
_c
982
_d
982